Eastern Utah Libraries Catalog: Duchesne, Heber, Roosevelt, & Vernal

Roux the day : (Record no. 363103)

MARC details
000 -LEADER
fixed length control field 03627cgm a2200793 i 4500
001 - CONTROL NUMBER
control field on1246184223
003 - CONTROL NUMBER IDENTIFIER
control field OCoLC
005 - DATE AND TIME OF LATEST TRANSACTION
control field 20210713160115.0
007 - PHYSICAL DESCRIPTION FIXED FIELD--GENERAL INFORMATION
fixed length control field vd cvaizq
008 - FIXED-LENGTH DATA ELEMENTS--GENERAL INFORMATION
fixed length control field 210414p20212020xxu086 g vleng d
040 ## - CATALOGING SOURCE
Original cataloging agency TEFMT
Language of cataloging eng
Description conventions rda
Transcribing agency TEFMT
Modifying agency OCLCO
-- TEF
-- OCLCO
-- OCLCF
-- TEFMT
-- IK2
-- JAS
-- GK8
-- OCLCO
-- WACOL
024 1# - OTHER STANDARD IDENTIFIER
Standard number or code 767685165492
028 42 - PUBLISHER NUMBER
Publisher number HM6549
Source Hallmark Movies & Mysteries
-- (container)
028 42 - PUBLISHER NUMBER
Publisher number CHM6549UND
Source Hallmark Movies & Mystery
-- (Disc)
035 ## - SYSTEM CONTROL NUMBER
System control number (OCoLC)1246184223
037 ## - SOURCE OF ACQUISITION
Source of stock number/acquisition Midwest Tape
Note http://www.midwesttapes.com
041 1# - LANGUAGE CODE
Language code of text/sound track or separate title eng
-- eng
Language code of original and/or intermediate translations of text eng
050 #4 - LIBRARY OF CONGRESS CALL NUMBER
Classification number PN1997.2
Item number .R68 2021
082 04 - DEWEY DECIMAL CLASSIFICATION NUMBER
Classification number 791.43/72
Edition number 23
092 ## - LOCALLY ASSIGNED DEWEY CALL NUMBER (OCLC)
Classification number DVD
Item number Rou
049 ## - LOCAL HOLDINGS (OCLC)
Holding library WACL
245 00 - TITLE STATEMENT
Title Roux the day :
Remainder of title a gourmet detective mystery /
Statement of responsibility, etc Hallmark Movies & Mysteries presents ; written by Becky Southwell & Dylan Neal ; producer, Charles Cooper ; director, Mark Jean.
246 30 - VARYING FORM OF TITLE
Title proper/short title Gourmet detective mystery.
264 #1 - Production, Publication, Distribution, Manufacture, and Copyright Notice.
Place of production, publication, distribution, manufacture [United States] :
Name of producer, publisher, distributor, manufacturer Hallmark Movies & Mysteries,
Date of production, publication, distribution, manufacture, or copyr [2021]
300 ## - PHYSICAL DESCRIPTION
Extent 1 videodisc (86 min.) :
Other physical details sound, color ;
Dimensions 4 3/4 in.
336 ## - Content Type
Content type term two-dimensional moving image
337 ## - Media type
Media type term video
338 ## - Carrier type
Carrier type term videodisc
344 ## -
-- digital
-- rdatr
344 ## -
-- optical
-- rdarm
346 ## -
-- NTSC
-- rda
347 ## -
-- video file
-- DVD video
-- region 1
-- rda
380 ## -
-- Motion pictures
-- lcgft
500 ## - GENERAL NOTE
General note Title from container.
500 ## - GENERAL NOTE
General note "Based upon the character The Gourmet Detective created by Peter King"--Container.
511 1# - PARTICIPANT OR PERFORMER NOTE
Participant or performer note Dylan Neal, Brooke Burns, Matthew Kevin Anderson, Alex Barima.
508 ## - CREATION/PRODUCTION CREDITS NOTE
Creation/production credits note Music, Jeff Tymoschuk ; editor, Kelly Herron ; director of photography, Adam Sliwinski
538 ## - SYSTEM DETAILS NOTE
System details note DVD, wide screen ; Dolby Digital 5.1 ; region 1.
546 ## - LANGUAGE NOTE
Language note English dialogue ; Subtitled for the deaf and hard of hearing (SDH).
521 8# - TARGET AUDIENCE NOTE
Target audience note Rating: Not rated.
520 ## - SUMMARY, ETC.
Summary, etc Henry and Maggie find themselves in a murder mystery where secrets hidden within a treasured recipe book have dire consequences for all who own it.
521 ## - TARGET AUDIENCE NOTE
Target audience note DVD
Source MicroMarketing
650 #0 - SUBJECT ADDED ENTRY--TOPICAL TERM
Topical term or geographic name as entry element Gourmet Detective (Fictitious character)
Form subdivision Drama.
9 (RLIN) 6422517
650 #0 - SUBJECT ADDED ENTRY--TOPICAL TERM
Topical term or geographic name as entry element Murder
General subdivision Investigation
Form subdivision Drama.
9 (RLIN) 5675811
650 #0 - SUBJECT ADDED ENTRY--TOPICAL TERM
Topical term or geographic name as entry element Private investigators
Form subdivision Drama.
9 (RLIN) 5674329
650 #0 - SUBJECT ADDED ENTRY--TOPICAL TERM
Topical term or geographic name as entry element Cooking
Form subdivision Drama.
9 (RLIN) 5772938
650 #7 - SUBJECT ADDED ENTRY--TOPICAL TERM
Topical term or geographic name as entry element Cooking.
Source of heading or term fast
-- (OCoLC)fst01754966
650 #7 - SUBJECT ADDED ENTRY--TOPICAL TERM
Topical term or geographic name as entry element Gourmet Detective (Fictitious character)
Source of heading or term fast
-- (OCoLC)fst00945123
9 (RLIN) 98811
650 #7 - SUBJECT ADDED ENTRY--TOPICAL TERM
Topical term or geographic name as entry element Murder
General subdivision Investigation.
Source of heading or term fast
-- (OCoLC)fst01029788
9 (RLIN) 88186
650 #7 - SUBJECT ADDED ENTRY--TOPICAL TERM
Topical term or geographic name as entry element Private investigators.
Source of heading or term fast
-- (OCoLC)fst01077503
655 #7 - INDEX TERM--GENRE/FORM
Genre/form data or focus term Detective and mystery films.
Source of term fast
-- (OCoLC)fst01710476
9 (RLIN) 5674335
655 #7 - INDEX TERM--GENRE/FORM
Genre/form data or focus term Drama.
Source of term fast
-- (OCoLC)fst01423879
655 #7 - INDEX TERM--GENRE/FORM
Genre/form data or focus term Feature films.
Source of term fast
-- (OCoLC)fst01710384
655 #7 - INDEX TERM--GENRE/FORM
Genre/form data or focus term Fiction films.
Source of term fast
-- (OCoLC)fst01710264
655 #7 - INDEX TERM--GENRE/FORM
Genre/form data or focus term Made-for-TV movies.
Source of term fast
-- (OCoLC)fst01710404
655 #7 - INDEX TERM--GENRE/FORM
Genre/form data or focus term Video recordings for the hearing impaired.
Source of term fast
-- (OCoLC)fst01710450
655 #7 - INDEX TERM--GENRE/FORM
Genre/form data or focus term Feature films.
Source of term lcgft
9 (RLIN) 6422518
655 #7 - INDEX TERM--GENRE/FORM
Genre/form data or focus term Fiction films.
Source of term lcgft
9 (RLIN) 6422519
655 #7 - INDEX TERM--GENRE/FORM
Genre/form data or focus term Detective and mystery films.
Source of term lcgft
9 (RLIN) 5674335
655 #7 - INDEX TERM--GENRE/FORM
Genre/form data or focus term Made-for-TV movies.
Source of term lcgft
9 (RLIN) 6422520
655 #7 - INDEX TERM--GENRE/FORM
Genre/form data or focus term Video recordings for the hearing impaired.
Source of term lcgft
9 (RLIN) 6422521
700 1# - ADDED ENTRY--PERSONAL NAME
Personal name Jean, Mark,
Relator term director.
9 (RLIN) 5760520
700 1# - ADDED ENTRY--PERSONAL NAME
Personal name Neal, Dylan,
Dates associated with a name 1969-
Relator term actor.
9 (RLIN) 5715110
700 1# - ADDED ENTRY--PERSONAL NAME
Personal name Burns, Brooke,
Dates associated with a name 1978-
Relator term actor.
9 (RLIN) 6246048
700 1# - ADDED ENTRY--PERSONAL NAME
Personal name Anderson, Matthew Kevin,
Relator term actor.
9 (RLIN) 6422522
700 1# - ADDED ENTRY--PERSONAL NAME
Personal name Barima, Alex,
Relator term actor.
9 (RLIN) 6422523
710 2# - ADDED ENTRY--CORPORATE NAME
Corporate name or jurisdiction name as entry element Hallmark Movies & Mysteries (Firm),
Relator term publisher.
9 (RLIN) 6385007
994 ## -
-- C0
-- WACOL
Holdings
Withdrawn status Lost status Source of classification or shelving scheme Damaged status Not for loan Collection code Home library Current library Shelving location Date acquired Source of acquisition Total Checkouts Total Renewals Full call number Barcode Date last seen Date checked out Cost, replacement price Price effective from Koha item type
    Dewey Decimal Classification     Movies Wasatch County Library Wasatch County Library Audio Visual Area 07/13/2021 Micromarketing 3 4 DVD Rou 34301001818766 03/07/2024 01/23/2024 14.98 07/13/2021 DVD
This project was made possible through a grant from the Institute of Museum and Library Service administered by the Utah State Library Division.

Wasatch County Library

  • 465 East 1200 South, Heber City, Utah 84032
  • Phone 435-654-1511 | Fax 435-654-6456

Hours

  • Monday - Friday 9:30 AM - 8:00 PM
  • Saturday 9:30 AM - 1:30 PM
  • Closed Sundays and Holidays